Responses for Show #4860 - Friday, October 28, 2005

Contestants

[<< previous game]

Laura Henne, an environmental specialist from Doylestown, Pennsylvania

Alaric Smith, a songwriter, vocalist, and graduate student from Sacramento, California

Joey Bland, an actor and improviser from Chicago, Illinois (whose 1-day cash winnings total $27,000)

[next game >>]

Jeopardy! Round responses

SCIENCE LAB
WE'VE GOT YOUR BACK
(Alex: But whose back?)
BUILDING TYPES
STUCK IN THE MIDDLE AGES WITH YOU
MAGAZINES & NEWSPAPERS
"B" PREPARED
    $200 28
a hole

Laura
    $200 1
Bruce Springsteen

Joey
    $200 21
Tower

Alaric
    $200 12
the Holy Roman Empire

Joey
    $200 29
(Alaric: What is The New Yorker?)

Mad magazine

AlaricLaura
    $200 14
Brazil

Laura
    $400 27
mercury

Laura
    $400 2
Tony Orlando

Alaric
    $400 22
(Alaric: What is a room?)

a story

Alaric
Triple Stumper
    $400 13
(Alaric: What are eyeglasses?)

lenses

AlaricLaura
    $1,400 30
(Laura: Hmm... I don't know.)
...
(Alex: Who was the man who came up with The Power of Positive Thinking, [*]?)

Norman Vincent Peale

Laura
    $400 15
barbiturates

Alaric
    $600 6
citric acid

Alaric
    $600 3
Tom Petty

Alaric
    $600 9
a pavilion

Joey
    $600 17
Omar Khayyam

Joey
    $600 25
Chattanooga

Alaric
    $600 16
Pat Buchanan

Alaric
    $800 7
a microprocessor chip

Triple Stumper
    $800 4
Bob Seger

Joey
    $800 10
a pagoda

Joey
    $800 18
Vasco da Gama

Alaric
    $800 24
(Alaric: [Selecting the clue with flourish, expecting it to be the Daily Double] NEWSPAPERS & MAGAZINES for $1000, Alex!)

Good Housekeeping

Triple Stumper
    $800 19
Brigham Young University

Alaric
    $1000 8
amber

Alaric
    $1000 5
Herb Alpert

Alaric
    $1000 11
an oratory

Triple Stumper
    $1000 23
(Alaric: What is St. Elmo's Fire?)
...
(Alex: St. Elmo's Fire is in the sky; [*] is what gives you the disease.)

St. Anthony's Fire

Alaric
Triple Stumper
    $1000 26
Portsmouth

Alaric
    $1000 20
Botswana

Joey

Scores at the first commercial break (after clue 16):

Joey Alaric Laura
$2,600 $4,200 $600

Scores at the end of the Jeopardy! Round:

Joey Alaric Laura
$4,200 $6,000 $0

Double Jeopardy! Round responses

20th CENTURY LITERATURE
MOVIE TAGLINES
WHITE HOUSE PRESS SECRETARIES
HOLIDAYS & OBSERVANCES
PAIR CAPITA
6-LETTER WORDS
    $400 6
1984

Joey
    $400 11
Apollo 13

Joey
    $400 16
Dee Dee Myers

Triple Stumper
    $400 22
Orville Wright

Alaric
    $400 17
Heckle & Jeckle

Alaric
    $400 1
retail

Laura
    $800 7
The Bridge of San Luis Rey

Joey
    $800 12
Bruce Almighty

Joey
    $800 23
(Joey: What's a robin?)

a cuckoo

JoeyAlaric
    $800 20
(Alaric: Who are William & Mary?)

Victoria & Albert

Alaric
Triple Stumper
    $800 2
(Alaric: [Selecting the clue] 8-LETTER WORDS $1200.)
(Alex: It's 6-LETTER WORDS.)
(Alaric: 6-LETTER WORDS.)
[Laura laughs]

former

Alaric
    $3,000 8
(Alex: Yes! From The Grapes of Wrath.)

Ma Joad

Joey
    $1200 13
Hannibal

Triple Stumper
    $1200 29
[The end-of-round signal sounds.]

JFK

Triple Stumper
    $1200 24
Passover

Triple Stumper
    $1200 18
(Alaric: Who are Fischer & Kasparov?)

Fischer & Spassky

Alaric
Triple Stumper
    $1200 3
mirror

Laura
    $1600 9
Zorba the Greek

Joey
    $1600 14
The Fellowship of the Ring

Joey
    $1600 26
Ronald Reagan

Triple Stumper
    $1600 25
Pulaski

Joey
    $1600 19
Thisbe

Laura
    $1600 4
an annual

Joey
    $2000 10
Riders of the Purple Sage

Triple Stumper
    $2000 15
The Mummy Returns

Triple Stumper
    $2000 27
Nixon

Joey
    $2000 28
(Alex: You've heard of it, I'm sure; [*]'s Day, [*].)

St. Swithun

Triple Stumper
    $3,000 21
Grover Cleveland & (Adlai) Stevenson

Laura
    $2000 5
the canton

Triple Stumper

Scores at the end of the Double Jeopardy! Round:

Joey Alaric Laura
$17,200 $6,400 $6,200
(lock game)

[wagering suggestions for these scores]

Final Jeopardy! Round responses

CAPITAL CITIES
(Alex: The capital of the Dominican Republic.)
LauraWhat is Boston Mexico
$6,200
AlaricWhat is Santo Domingo?
$6,001
JoeyWhat is Santo Domingo?
$4,000
Santo Domingo

Final scores:

Joey Alaric Laura
$21,200 $12,401 $0
2-day champion: $48,200 2nd place: $2,000 3rd place: $1,000

Game dynamics:

Coryat scores:

Joey Alaric Laura
$15,400 $6,400 $6,600
17 R
(including 1 DD),
1 W
16 R,
6 W
9 R
(including 1 DD),
1 W
(including 1 DD)

Combined Coryat: $28,400

[game clues] [game scores] [suggest correction]

Game tape date: 2005-08-03
The J! Archive is created by fans, for fans. Scraping, republication, monetization, and malicious use prohibited; this site may use cookies and collect identifying information. See terms. The Jeopardy! game show and all elements thereof, including but not limited to copyright and trademark thereto, are the property of Jeopardy Productions, Inc. and are protected under law. This website is not affiliated with, sponsored by, or operated by Jeopardy Productions, Inc. Join the discussion at JBoard.tv.